| 000 | 00579nam a22001577a 4500 | ||
|---|---|---|---|
| 082 | _aT-146 | ||
| 100 |
_aMuhammad Aslam, Major. _948545 |
||
| 245 |
_aStudy of in service expansion joints with special emphasis on performance, condition, waterproofing , causes of failure and repairing/retrofitting techniques. _cMuhammad Aslam, Major. |
||
| 260 |
_aRisalpur. _bMCE. _cApril 2001. |
||
| 300 | _a204 p.: | ||
| 526 |
_a0 _b0 _c0 _dT_146 |
||
| 650 |
_aMSc in CE (Structures) _948546 |
||
| 650 |
_aThesis _934811 |
||
| 700 |
_aDr Allah Nawaz Qaisrani, Col. _948547 |
||
| 942 |
_2ddc _cBK |
||
| 999 |
_c551448 _d551448 |
||